Cantons de l'Ain - Statistiques

Statistiques générales
  • Ce quiz a été pris 54 fois
  • Le résultat moyen est 12 sur 23
Statistiques - réponses
Hint Réponse % Correct
8 Gex
94%
3 Belley
88%
14 Oyonnax
81%
11 Meximieux
75%
13 Nantua
75%
1 Ambérieu-en-Bugey
69%
4 Bourg-en-Bresse 1
63%
5 Bourg-en-Bresse 2
63%
15 Pont-d'Ain
63%
21 Valserhône
63%
12 Miribel
56%
22 Villars-les-Dombes
56%
10 Lagnieu
50%
7 Châtillon-sur-Chalaronne
44%
18 Saint-Genis-Pouilly
44%
9 Plateau d'Hauteville
38%
17 Saint-Etienne-du-Bois
38%
23 Vonnas
38%
2 Attignat
31%
6 Ceyzériat
31%
16 Replonges
31%
19 Thoiry
25%
20 Trévoux
25%
Aucun quiz correspondant
Distribution des résultats
% des personnes avec chaque résultat
Percentile par nombre de réponses
Votre historique - résultats
Vous n’avez pas pris ce quiz